Applying innovation / (Record no. 5957)
[ view plain ]
| 000 -LEADER | |
|---|---|
| fixed length control field | 00813cam a2200229 a 4500 |
| 001 - CONTROL NUMBER | |
| control field | 15182183 |
| 005 - DATE AND TIME OF LATEST TRANSACTION | |
| control field | 20250526143916.0 |
| 008 - FIXED-LENGTH DATA ELEMENTS--GENERAL INFORMATION | |
| fixed length control field | 080215s2009 caua b 001 0 eng |
| 020 ## - INTERNATIONAL STANDARD BOOK NUMBER | |
| International Standard Book Number | 9781412954549 (cloth) |
| 020 ## - INTERNATIONAL STANDARD BOOK NUMBER | |
| International Standard Book Number | 9781412954556 (pbk.) |
| 050 00 - LIBRARY OF CONGRESS CALL NUMBER | |
| Classification number | HD45 |
| Item number | .O88 2009 |
| 082 00 - DEWEY DECIMAL CLASSIFICATION NUMBER | |
| Classification number | 658.4/063 |
| Edition information | 22 |
| 100 1# - MAIN ENTRY--PERSONAL NAME | |
| Personal name | O'Sullivan, David |
| Titles and words associated with a name | (Lecturer in applied innovation management and systems engineering) |
| 245 10 - TITLE STATEMENT | |
| Title | Applying innovation / |
| Statement of responsibility, etc. | David O'Sullivan, Lawrence Dooley. |
| 260 ## - PUBLICATION, DISTRIBUTION, ETC. | |
| Place of publication, distribution, etc. | Thousand Oaks : |
| Name of publisher, distributor, etc. | Sage, |
| Date of publication, distribution, etc. | c2009. |
| 300 ## - PHYSICAL DESCRIPTION | |
| Extent | xxvii, 391 p. : |
| Other physical details | ill. ; |
| Dimensions | 27 cm. |
| 650 #0 - SUBJECT ADDED ENTRY--TOPICAL TERM | |
| Topical term or geographic name entry element | Technological innovations |
| General subdivision | Management. |
| 650 #0 - SUBJECT ADDED ENTRY--TOPICAL TERM | |
| Topical term or geographic name entry element | Organizational change. |
| 700 1# - ADDED ENTRY--PERSONAL NAME | |
| Personal name | Dooley, Lawrence. |
| 856 41 - ELECTRONIC LOCATION AND ACCESS | |
| Materials specified | Table of contents only |
| Uniform Resource Identifier | <a href="http://www.loc.gov/catdir/toc/fy0805/2008006237.html">http://www.loc.gov/catdir/toc/fy0805/2008006237.html</a> |
| 942 ## - ADDED ENTRY ELEMENTS (KOHA) | |
| Source of classification or shelving scheme | Library of Congress Classification |
| Koha item type | Books |
| Suppress in OPAC | No |
| 999 ## - | |
| -- | 5957 |
| -- | 5957 |
| Withdrawn status | Lost status | Source of classification or shelving scheme | Damaged status | Not for loan | Collection | Home library | Current library | Shelving location | Date acquired | Total checkouts | Full call number | Barcode | Date last seen | Copy number | Price effective from | Koha item type |
|---|---|---|---|---|---|---|---|---|---|---|---|---|---|---|---|---|
| Library of Congress Classification | Non-fiction | Graduate Library (Christ Temple) | Graduate Library (Christ Temple) | General stacks | 05/26/2025 | HD 45.O88 | GSCT00001278 | 05/26/2025 | 1 | 05/26/2025 | Books | |||||
| Library of Congress Classification | Non-fiction | Graduate Library (Christ Temple) | Graduate Library (Christ Temple) | General stacks | 05/26/2025 | HD 45.O88 | GSCT00001279 | 05/26/2025 | 2 | 05/26/2025 | Books | |||||
| Library of Congress Classification | Non-fiction | Graduate Library (Christ Temple) | Graduate Library (Christ Temple) | General stacks | 05/26/2025 | HD 45.O88 | GSCT00001280 | 05/26/2025 | 3 | 05/26/2025 | Books | |||||
| Library of Congress Classification | Non-fiction | Graduate Library (Christ Temple) | Graduate Library (Christ Temple) | General stacks | 05/26/2025 | HD 45.O88 | GSCT00001281 | 05/26/2025 | 4 | 05/26/2025 | Books | |||||
| Library of Congress Classification | Non-fiction | Graduate Library (Christ Temple) | Graduate Library (Christ Temple) | General stacks | 05/26/2025 | HD 45.O88 | GSCT00001282 | 05/26/2025 | 5 | 05/26/2025 | Books |